Opus cinématographiques 07 - Harry Potter - Statistiques

Statistiques générales
  • Ce quiz a été pris 848 fois
  • Le résultat moyen est 9 sur 10
Statistiques - réponses
Date de sortie Titre % Correct
2001 Harry Potter à l'école des sorciers
99%
2005 Harry Potter et la Coupe de feu
98%
2002 Harry Potter et la Chambre des secrets
97%
2004 Harry Potter et le Prisonnier d'Azkaban
95%
2010 Harry Potter et les Reliques de la Mort - Partie 1
95%
2011 Harry Potter et les Reliques de la Mort - Partie 2
95%
2009 Harry Potter et le Prince de sang-mêlé
93%
2007 Harry Potter et l'Ordre du Phénix
92%
2016 Les Animaux fantastiques
74%
2018 Les Animaux fantastiques - Les Crimes de Grindelwald
50%
Aucun quiz correspondant
Distribution des résultats
% des personnes avec chaque résultat
Percentile par nombre de réponses
Votre historique - résultats
Vous n’avez pas pris ce quiz